| 000 | 00772nam a2200241Ia 4500 | ||
|---|---|---|---|
| 999 |
_c36004 _d36004 |
||
| 001 | 1903 | ||
| 003 | GE_BSU | ||
| 005 | 20190423153615.0 | ||
| 008 | 181216s1998||||ru |||||||||||||| ||rus|| | ||
| 020 | _a58891580209 | ||
| 040 | _cGE_BSU | ||
| 041 | _arus | ||
| 080 | _a347.9(075.8) | ||
| 100 |
_aПопов, Иван Алексеевич _9418 |
||
| 245 |
_aРасследование пожаров : _bПравовое регулирование. Организация и методика : Учеб. пособие _c И. А. Попов |
||
| 260 | _aМосква | ||
| 260 | _bЮринформ | ||
| 260 | _c1998 | ||
| 300 |
_a310 с.; _b19 см. |
||
| 653 | _aსამართალი | ||
| 653 | _aკრიმინოლოგია | ||
| 942 |
_cBK _2udc |
||